While time remains : a North Korean defector's ... Read More
Record details
- ISBN: 9781668003312
- ISBN: 1668003317
- Physical Description: xl, 183 pages ; 24 cm
- Edition: First Threshold Editions hardcover edition.
- Publisher: New York : Threshold Editions, 2023.
- Copyright: ©2023
Content descriptions
| Formatted Contents Note: | Introduction : American Bastards -- Part I : The ... Read More |
| Summary, etc.: | "The North Korean defector, human rights advocate, ... Read More |
Search for related items by subject
| Genre: | Autobiographies. |
| LDR | 04652cam a2200757 i 4500 | ||
|---|---|---|---|
| 001 | 415277 | ||
| 003 | LARL_NWRL_CONSORTIUM | ||
| 005 | 20230622150654.0 | ||
| 008 | 221128t20232023nyu 000 0aeng | ||
| 010 | . | ‡a 2022046858 | |
| 040 | . | ‡aDLC ‡beng ‡erda ‡cDLC ‡dYDX ‡dTXSCH ‡dJRG ‡dPUL ‡dYUS ‡dGK8 ‡dHF9 | |
| 019 | . | ‡a1368407053 | |
| 020 | . | ‡a9781668003312 ‡qhardcover | |
| 020 | . | ‡a1668003317 ‡qhardcover | |
| 020 | . | ‡z9781668003336 ‡qelectronic book | |
| 024 | 8 | . | ‡a40031704176 |
| 035 | . | ‡a(OCoLC)1352248313 ‡z(OCoLC)1368407053 | |
| 042 | . | ‡apcc | |
| 043 | . | ‡aa-kn--- ‡an-us--- | |
| 082 | 0 | 0. | ‡a305.8957/0730092 ‡aB ‡223/eng/20221129 |
| 100 | 1 | . | ‡aPark, Yeonmi, ‡d1993- ‡eauthor. |
| 245 | 1 | 0. | ‡aWhile time remains : ‡ba North Korean defector's search for freedom in America / ‡cYeonmi Park. |
| 246 | 3 | 0. | ‡aNorth Korean defector's search for freedom in America |
| 250 | . | ‡aFirst Threshold Editions hardcover edition. | |
| 264 | 1. | ‡aNew York : ‡bThreshold Editions, ‡c2023. | |
| 264 | 4. | ‡c©2023 | |
| 300 | . | ‡axl, 183 pages ; ‡c24 cm | |
| 336 | . | ‡atext ‡btxt ‡2rdacontent | |
| 337 | . | ‡aunmediated ‡bn ‡2rdamedia | |
| 338 | . | ‡avolume ‡bnc ‡2rdacarrier | |
| 505 | 0 | . | ‡aIntroduction : American Bastards -- Part I : The United States of Confusion -- 1. Lost in the Big Apple -- 2. The Fall of Lady Columbia -- 3. The Illusion of Safe Space -- 4. Hypocrisy of the Elite -- Part II : On the road to ruin -- 5. Values in Decline -- 6. Victimhood and Oppression -- 7. Systemic Violence in the Windy City -- 8. What's Yours Is Mine -- Part III : The fragility of freedom -- 9. The Terror of Cancel Culture -- 10. The People's Republic of Chains -- 11. Real Tyranny and Real Freedom -- 12. Freedom Matters -- Epilogue : Warriors of the Light. |
| 520 | . | ‡a"The North Korean defector, human rights advocate, and bestselling author of In Order to Live sounds the alarm on the culture wars, identity politics, and authoritarian tendencies tearing America apart. After defecting from North Korea, Yeonmi Park found liberty and freedom in America. But she also found a chilling crackdown on self-expression and thought that reminded her of the brutal regime she risked her life to escape. When she spoke out about the mass political indoctrination she saw around her in the United States, Park faced censorship and even death threats. In While Time Remains, Park sounds the alarm for Americans by highlighting the dangerous hypocrisies, mob tactics, and authoritarian tendencies that speak in the name of wokeness and social justice. No one is spared in her eye-opening account, including the elites who claim to care for the poor and working classes but turn their backs on anyone who dares to think independently. Park arrived in America eight years ago with no preconceptions, no political aims, and no partisan agenda. With urgency and unique insight, the bestselling author and human rights activist reminds us of the fragility of freedom, and what we must do to preserve it"-- ‡cProvided by publisher. | |
| 600 | 1 | 0. | ‡aPark, Yeonmi, ‡d1993- |
| 650 | 0. | ‡aKoreans ‡zUnited States ‡vBiography. | |
| 650 | 0. | ‡aKorean Americans ‡vBiography. ‡0(LARL_NWRL_CONSORTIUM)169841 | |
| 650 | 0. | ‡aIdentity politics ‡zUnited States. | |
| 650 | 0. | ‡aKorean Americans ‡xCultural assimilation. | |
| 651 | 0. | ‡aUnited States ‡xRace relations. ‡0(LARL_NWRL_CONSORTIUM)33567 | |
| 650 | 0. | ‡aDefectors ‡zKorea (North) ‡vBiography. | |
| 655 | 7. | ‡aAutobiographies. ‡2lcgft | |
| 776 | 0 | 8. | ‡iOnline version: ‡aPark, Yeonmi, 1993-. ‡tWhile time remains ‡bFirst Threshold Editions hardcover edition. ‡dNew York : Threshold Editions, 2023 ‡z9781668003336 ‡w(DLC) 2022046859 |
| 905 | . | ‡uvanderl | |
| 901 | . | ‡a415277 ‡b ‡c415277 ‡tbiblio ‡soclc | |

Add to basket
Permalink
Disable Highlighting